Thép đã tôi thế đấy Tiểu thuyết
Đã lưu trong:
| Hovedforfatter: | |
|---|---|
| Format: | Bog |
| Sprog: | Vietnamese |
| Udgivet: |
H.
Văn Học
2002
|
| Udgivelse: | Tái bản lần thứ 8 |
| Fag: | |
| Tags: |
Tilføj Tag
Ingen Tags, Vær først til at tagge denne postø!
|
| Thư viện lưu trữ: | Mạng thư viện Đại học Đà Nẵng |
|---|
| LEADER | 01088nam a2200337 4500 | ||
|---|---|---|---|
| 001 | 000005105 | ||
| 003 | 1248 | ||
| 005 | 20120730150725.0 | ||
| 008 | 110809s2002 viesd | ||
| 020 | |c 78000đ | ||
| 041 | 0 | |a vie | |
| 082 | |a 891.7 |b AX-N | ||
| 100 | 1 | |a Axtơrốpxki, Nhicalai | |
| 245 | 0 | |a Thép đã tôi thế đấy |b Tiểu thuyết |c Nhicalai Axtơrốpxki ; Thép Mới và Huy Vân dịch | |
| 250 | |a Tái bản lần thứ 8 | ||
| 260 | |a H. |b Văn Học |c 2002 | ||
| 300 | |a 635 tr |c 19 cm | ||
| 653 | |a Văn học hiện đại | ||
| 653 | |a Tiểu thuyết | ||
| 653 | |a Nga | ||
| 653 | |a Chiến tranh | ||
| OWN | |a LSP | ||
| AVA | |a UDN50 |b LSP |d 891.7 AX-N |e available |t Error 5001 Not defined in file expand_doc_bib_avail. |f 4 |g 0 |h N |i 0 |k 1 | ||
| 999 | |a From the UDN01 | ||
| AVA | |a UDN50 |b LSP |d 891.7 AX-N |e available |t Error 5001 Not defined in file expand_doc_bib_avail. |f 4 |g 0 |h N |i 0 |k 1 | ||
| TYP | |a Monograph | ||
| TYP | |a Printed language | ||
| 980 | |a Mạng thư viện Đại học Đà Nẵng | ||